[Event "FRA-ch op-B"]
[Site "Albi"]
[Date "2022.08.15"]
[Round "3"]
[White "Herbin, Alexandre"]
[Black "Coles, Robin"]
[Result "0-1"]
[WhiteElo "1801"]
[BlackElo "1932"]
[PlyCount "44"]
[EventDate "2022.08.13"]
[EventType "swiss"]
[EventRounds "9"]
[EventCountry "FRA"]
[SourceTitle "CBM 210 Extra"]
[Source "ChessBase"]
[SourceDate "2022.11.30"]
[SourceVersion "1"]
[SourceVersionDate "2022.11.30"]
[SourceQuality "1"]

1. e4 e6 2. d4 d5 3. Nc3 Bb4 4. e5 c5 5. Bd2 Ne7 6. Nb5 Bxd2+ 7. Qxd2 0-0 8. f4 a6 9. Nd6 f6 10. c3 Nbc6 11. Nf3 cxd4 12. cxd4 Qb6 13. 0-0-0 Bd7 14. Kb1 Nc8 15. Nxc8 Raxc8 16. h4 Nb4 17. Ne1 Ba4 18. b3 fxe5 19. dxe5 Rc7 20. Nd3 Nxa2 21. Qxa2 Bxb3 22. Qb2 Bc2+ 0-1

[Event "FRA-ch Blitz Online Qual"]
[Site "Europe Echecs INT"]
[Date "2020.05.16"]
[Round "10"]
[White "Blachon, Pascal"]
[Black "Herbin, Alexandre"]
[Result "1-0"]
[WhiteElo "1955"]
[BlackElo "1869"]
[PlyCount "123"]
[EventDate "2020.05.16"]
[EventType "swiss (blitz)"]
[EventRounds "15"]
[EventCountry "FRA"]
[SourceTitle "CBM 196 Extra"]
[Source "ChessBase"]
[SourceDate "2020.07.31"]
[SourceVersion "1"]
[SourceVersionDate "2020.07.31"]
[SourceQuality "1"]

1. e4 c5 2. Nf3 Nc6 3. Nc3 g6 4. Bb5 Nd4 5. 0-0 Bg7 6. Re1 Nxb5 7. Nxb5 d6 8. d4 a6 9. Nc3 cxd4 10. Nxd4 Nf6 11. Bg5 0-0 12. Qd2 b5 13. a3 Bb7 14. Bh6 Qb6 15. Bxg7 Kxg7 16. Rad1 Rac8 17. Kh1 Rc4 18. f3 Rfc8 19. Nde2 b4 20. axb4 Qxb4 21. Qc1 a5 22. Nf4 a4 23. Nd3 Qa5 24. Re2 a3 25. Na2 axb2 26. Qxb2 Ba6 27. Nab4 Rb8 28. Ra1 Rcxb4 29. Rxa5 Rxb2 30. Rxa6 Rb1+ 31. Ne1 R8b2 32. Kg1 Rc1 33. Kf2 Nh5 34. Nd3 Rcxc2 35. Nxb2 Rxe2+ 36. Kxe2 Nf4+ 37. Kf2 Ne6 38. Ra7 Kf6 39. g3 g5 40. Nd3 h5 41. f4 g4 42. Ke3 Nd8 43. Ra5 Nc6 44. Rxh5 Nd8 45. Ra5 Nc6 46. Ra6 Nb8 47. Rb6 Nd7 48. Rb7 Nf8 49. Nf2 Ne6 50. Nxg4+ Kg7 51. Rxe7 d5 52. exd5 Nc5 53. Ra7 Nb3 54. Ne5 Nc5 55. Rxf7+ Kg8 56. Ra7 Nb3 57. h4 Nc5 58. h5 Ne6 59. dxe6 Kh8 60. e7 Kg7 61. e8Q+ Kh6 62. Qg6# 1-0

[Event "FRA-ch Blitz Online Qual"]
[Site "Europe Echecs INT"]
[Date "2020.05.16"]
[Round "3"]
[White "Herbin, Alexandre"]
[Black "Dourerassou, Jonathan"]
[Result "0-1"]
[WhiteElo "1869"]
[BlackElo "2477"]
[PlyCount "66"]
[EventDate "2020.05.16"]
[EventType "swiss (blitz)"]
[EventRounds "15"]
[EventCountry "FRA"]
[SourceTitle "CBM 196 Extra"]
[Source "ChessBase"]
[SourceDate "2020.07.31"]
[SourceVersion "1"]
[SourceVersionDate "2020.07.31"]
[SourceQuality "1"]

1. e4 c5 2. Nf3 Nc6 3. d4 cxd4 4. Nxd4 Nf6 5. Nc3 e6 6. Nxc6 bxc6 7. e5 Nd5 8. Ne4 Qc7 9. f4 f5 10. Nd6+ Bxd6 11. exd6 Qa5+ 12. Bd2 Qb6 13. c4 Ne3 14. Qe2 Nc2+ 15. Kd1 Nxa1 16. Bc3 0-0 17. Qe5 Rf7 18. Be2 Ba6 19. Bh5 Rf6 20. Qe2 Raf8 21. Bxf6 Rxf6 22. Kd2 Qxb2+ 23. Ke3 Nc2+ 24. Kf2 Qd4+ 25. Kg3 Qc3+ 26. Bf3 Nd4 27. Qf2 Rg6+ 28. Kh3 Nxf3 29. gxf3 Qxc4 30. Qe3 Qxa2 31. Rg1 Bf1+ 32. Rg2 Qxg2+ 33. Kh4 Qh3# 0-1

[Event "FRA-ch Blitz Online Qual"]
[Site "Europe Echecs INT"]
[Date "2020.05.16"]
[Round "9"]
[White "Herbin, Alexandre"]
[Black "Maugenest, Ghislain"]
[Result "0-1"]
[WhiteElo "1869"]
[BlackElo "2013"]
[PlyCount "136"]
[EventDate "2020.05.16"]
[EventType "swiss (blitz)"]
[EventRounds "15"]
[EventCountry "FRA"]
[SourceTitle "CBM 196 Extra"]
[Source "ChessBase"]
[SourceDate "2020.07.31"]
[SourceVersion "1"]
[SourceVersionDate "2020.07.31"]
[SourceQuality "1"]

1. e4 e5 2. Nf3 Nc6 3. d4 exd4 4. Nxd4 Nf6 5. Nc3 Bb4 6. Nxc6 bxc6 7. Bd3 d5 8. exd5 cxd5 9. 0-0 0-0 10. Bg5 c6 11. Qf3 Be7 12. h3 h6 13. Bh4 Rb8 14. b3 Rb4 15. Bg3 Bd6 16. Ne2 Be6 17. Rad1 a5 18. c4 Qb8 19. cxd5 cxd5 20. Bb1 a4 21. bxa4 Rxa4 22. Bxd6 Qxd6 23. Ng3 Ra3 24. Qe2 Rfa8 25. Nf5 Bxf5 26. Bxf5 Rxa2 27. Qb5 g6 28. Bb1 R2a5 29. Qd3 Kg7 30. Bc2 h5 31. Qd4 Qc5 32. Bb3 Qxd4 33. Rxd4 Rb8 34. Bc2 Rc5 35. Bd3 Rb2 36. Ra1 Nd7 37. Ra7 Ne5 38. Ba6 Rc1+ 39. Kh2 Rxf2 40. Rxd5 Re1 41. Bb7 Rb2 42. Ba8 Ree2 43. Rd4 Rxg2+ 44. Bxg2 Nf3+ 45. Kg3 Nxd4 46. Bd5 Nf5+ 47. Kf4 Nh6 48. h4 Rf2+ 49. Kg3 Rf5 50. Be4 Re5 51. Bf3 Rb5 52. Rd7 Rb4 53. Rd3 Nf5+ 54. Kf2 Nxh4 55. Rd7 Nxf3 56. Kxf3 Kf6 57. Rd6+ Kg5 58. Ra6 f5 59. Kg2 h4 60. Ra3 Kg4 61. Rf3 Rb2+ 62. Rf2 h3+ 63. Kg1 Rxf2 64. Kxf2 f4 65. Kg1 f3 66. Kh2 f2 67. Kh1 f1Q+ 68. Kh2 Qg2# 0-1

[Event "FRA-ch Blitz Online Qual"]
[Site "Europe Echecs INT"]
[Date "2020.05.16"]
[Round "6"]
[White "Janon, Nicolas"]
[Black "Herbin, Alexandre"]
[Result "0-1"]
[WhiteElo "1392"]
[BlackElo "1869"]
[PlyCount "56"]
[EventDate "2020.05.16"]
[EventType "swiss (blitz)"]
[EventRounds "15"]
[EventCountry "FRA"]
[SourceTitle "CBM 196 Extra"]
[Source "ChessBase"]
[SourceDate "2020.07.31"]
[SourceVersion "1"]
[SourceVersionDate "2020.07.31"]
[SourceQuality "1"]

1. e4 c5 2. Nf3 Nc6 3. d4 cxd4 4. Nxd4 g6 5. Be3 Bg7 6. c3 Nf6 7. Nd2 0-0 8. Nxc6 bxc6 9. Bd3 d5 10. 0-0 a5 11. exd5 cxd5 12. Nf3 Ba6 13. Bb5 Bxb5 14. a4 Bxf1 15. Kxf1 e6 16. Qc2 Nd7 17. Rd1 Ne5 18. Nxe5 Bxe5 19. Bd4 Bxd4 20. Rxd4 Rb8 21. h4 Qb6 22. b4 axb4 23. Rxb4 Qc5 24. Rd4 Rfc8 25. Rd3 d4 26. Qd2 dxc3 27. Rxc3 Qxc3 28. Qxc3 Rxc3 0-1

[Event "Monaco Sulava Memorial 1st"]
[Site "Monte Carlo"]
[Date "2019.11.29"]
[Round "2"]
[White "Herbin, Alexandre"]
[Black "Ahmetovic, Salko"]
[Result "1/2-1/2"]
[WhiteElo "1690"]
[BlackElo "1966"]
[PlyCount "123"]
[EventDate "2019.11.29"]
[EventType "swiss"]
[EventRounds "9"]
[EventCountry "MNC"]
[SourceTitle "CBM 193 Extra"]
[Source "ChessBase"]
[SourceDate "2020.01.31"]
[SourceVersion "1"]
[SourceVersionDate "2020.01.31"]
[SourceQuality "1"]

1. e4 e5 2. Nf3 Nc6 3. d4 exd4 4. Nxd4 Nxd4 5. Qxd4 Qf6 6. e5 Qc6 7. Nc3 Bc5 8. Qd5 Ne7 9. Qxc6 Nxc6 10. Nd5 Bb6 11. Nxb6 axb6 12. f4 Nb4 13. Kd1 d6 14. exd6 cxd6 15. h3 Bf5 16. Bd3 Bxd3 17. cxd3 Nxd3 18. Kd2 Nxf4 19. Rf1 Nxg2 20. Rg1 Nf4 21. Rxg7 Ng6 22. b3 Ra5 23. Bb2 Kf8 24. Rxg6 hxg6 25. Bxh8 Rh5 26. Bd4 Rxh3 27. Bxb6 Ke7 28. Re1+ Kd7 29. Rf1 f5 30. Rg1 Kc6 31. Be3 Rh2+ 32. Kc3 Rh3 33. Kd3 f4 34. Rxg6 Rxe3+ 35. Kc4 b5+ 36. Kb4 Re4+ 37. Kc3 Kc5 38. Rg8 Re3+ 39. Kd2 Rg3 40. Rc8+ Kd4 41. Rd8 Rg2+ 42. Ke1 d5 43. Rf8 Ke3 44. Re8+ Kf3 45. Rd8 Rxa2 46. Rxd5 Ra5 47. b4 Ra1+ 48. Kd2 Ra2+ 49. Kc3 Ke4 50. Rd4+ Ke3 51. Rd3+ Ke2 52. Rd5 f3 53. Rxb5 f2 54. Rf5 f1Q 55. Rxf1 Kxf1 56. Kc4 Ke2 57. b5 Ke3 58. Kc5 Ke4 59. b6 Rc2+ 60. Kd6 Kd4 61. b7 Rb2 62. Kc7 1/2-1/2

[Event "Monaco Sulava Memorial 1st"]
[Site "Monte Carlo"]
[Date "2019.11.29"]
[Round "8"]
[White "Herbin, Alexandre"]
[Black "Ribreau, Herve"]
[Result "0-1"]
[WhiteElo "1690"]
[BlackElo "2097"]
[PlyCount "88"]
[EventDate "2019.11.29"]
[EventType "swiss"]
[EventRounds "9"]
[EventCountry "MNC"]
[SourceTitle "CBM 193 Extra"]
[Source "ChessBase"]
[SourceDate "2020.01.31"]
[SourceVersion "1"]
[SourceVersionDate "2020.01.31"]
[SourceQuality "1"]

1. e4 d6 2. d4 Nf6 3. Nc3 e5 4. dxe5 dxe5 5. Qxd8+ Kxd8 6. Bc4 Be6 7. Bxe6 fxe6 8. Nf3 Bd6 9. Bg5 Nc6 10. 0-0-0 Ke7 11. Nd2 a6 12. Nc4 b5 13. Nxd6 cxd6 14. a3 h6 15. Bh4 Rac8 16. Rhe1 Nd4 17. f3 Rc4 18. Bf2 Rhc8 19. Rd2 b4 20. axb4 Rxb4 21. Bxd4 exd4 22. Ne2 e5 23. Ng3 g6 24. h4 h5 25. Rd3 Nd7 26. Ra3 Rc6 27. Nf1 Rcb6 28. b3 Rc6 29. Nd2 Nc5 30. Nc4 d3 31. Rd1 dxc2 32. Kxc2 Nxb3 33. Rxb3 Rcxc4+ 34. Kb2 a5 35. Ra1 a4 36. Rxb4 Rxb4+ 37. Kc3 Rd4 38. Ra3 Kd7 39. Kc2 Kc6 40. Rc3+ Kb5 41. Rc8 Rc4+ 42. Kd2 Rd4+ 43. Ke3 a3 44. Ra8 Ra4 0-1

[Event "Monaco Sulava Memorial 1st"]
[Site "Monte Carlo"]
[Date "2019.11.29"]
[Round "7"]
[White "Koskinen, Henri"]
[Black "Herbin, Alexandre"]
[Result "1-0"]
[WhiteElo "2225"]
[BlackElo "1690"]
[PlyCount "60"]
[EventDate "2019.11.29"]
[EventType "swiss"]
[EventRounds "9"]
[EventCountry "MNC"]
[SourceTitle "CBM 193 Extra"]
[Source "ChessBase"]
[SourceDate "2020.01.31"]
[SourceVersion "1"]
[SourceVersionDate "2020.01.31"]
[SourceQuality "1"]

1. c4 Nf6 2. Nc3 c5 3. Nf3 Nc6 4. e3 d5 5. d4 cxd4 6. exd4 dxc4 7. Bxc4 Bg4 8. Be3 e6 9. h3 Bh5 10. Be2 Bd6 11. 0-0 0-0 12. Bg5 Be7 13. Ne5 Bxe2 14. Nxe2 Rc8 15. Nxc6 Rxc6 16. Nc3 Nd5 17. Bxe7 Nxe7 18. Re1 Rd6 19. Qb3 Rb6 20. Qa3 Nc6 21. Rad1 Qf6 22. d5 Ra6 23. Qb3 Rb6 24. Qc4 Na5 25. Qc5 Rxb2 26. Ne4 Qd8 27. dxe6 Qb6 28. Qxb6 axb6 29. e7 Re8 30. Rd8 Rb3 1-0

[Event "FRA-ch op-C"]
[Site "Nimes"]
[Date "2018.08.19"]
[Round "2"]
[White "Perrin, Yves"]
[Black "Herbin, Alexandre"]
[Result "0-1"]
[WhiteElo "1755"]
[BlackElo "1644"]
[PlyCount "66"]
[EventDate "2018.08.18"]
[EventType "swiss"]
[EventRounds "9"]
[EventCountry "FRA"]
[SourceTitle "EXT 2020"]
[Source "ChessBase"]
[SourceDate "2019.10.17"]
[SourceVersion "1"]
[SourceVersionDate "2019.10.17"]
[SourceQuality "1"]

1. e4 c5 2. d4 cxd4 3. c3 Nf6 4. e5 Nd5 5. Nf3 Nc6 6. Bc4 Nb6 7. Bb3 d5 8. cxd4 Bg4 9. Be3 e6 10. Qe2 Be7 11. h3 Bh5 12. a3 0-0 13. Nc3 Na5 14. Bc2 Nac4 15. Bd3 Rc8 16. Nd1 a6 17. g4 Bg6 18. h4 Bxd3 19. Qxd3 Na4 20. Rb1 Qa5+ 21. b4 Qd8 22. Ng5 g6 23. Nf3 Nxe3 24. fxe3 h6 25. g5 h5 26. Kf2 Rc7 27. Kg3 Qc8 28. Kf4 Nc3 29. Rb3 Ne4 30. Nd2 f6 31. gxf6 Bxf6 32. Nxe4 Bxe5+ 33. Kg5 Rf5+ 0-1